00390 2200157 4500001002100000005001500021035002000036245005600056100001900112300001200131260003700143082000800180084001400188020001800202990001200220INLIS00000000000165220250429084127 a0010-04250000681 aKetika Wanita Menggugat Islam /cDr. Yusuf Qardlawi0 aYusuf Qardlawi a154 hlm aJakarta :bPenerbit Teras,c2004 a297 a297 YUS k a979-98313-0-x a0754686